| 000 | 02241cam a22005534i 4500 | ||
|---|---|---|---|
| 003 | PE-LiUPU | ||
| 005 | 20250731180146.0 | ||
| 008 | 150706s r 000 0 d | ||
| 020 | _a9786074423020 | ||
| 035 | _a(Sirsi) i9786074423020 | ||
| 040 |
_aPE-LiUPU _bspa _cPE-LiUPU _erda |
||
| 049 | _aPRUA | ||
| 082 | 0 | 4 |
_a515 _bA78 _221 |
| 100 | 1 |
_aArya, Jagdish C., _eautor. |
|
| 245 | 1 | 0 |
_aMatemáticas aplicadas a la administración y a la economía / _cJagdish C. Arya y Robin W. Lardner. |
| 250 | _a5a | ||
| 264 | 1 |
_aMéxico : _bPearson Educación, _c2009. |
|
| 300 |
_a818 páginas : _bilustraciones ; _c26 cm. |
||
| 336 |
_atext _2rdacontent |
||
| 337 |
_aunmediated _2rdamedia |
||
| 338 |
_avolume _2rdacarrier |
||
| 505 | 0 | _aÁlgebra -- Ecuaciones de una variable -- Desigualdades -- Líneas rectas -- Funciones y graficas -- Logaritmos y exponenciales -- Progresiones y matemáticas financiera -- Probabilidad -- Algebra de matrices -- Inversas y determinantes -- Programación lineal -- La derivada -- Calculo de derivadas -- Optimación y bosquejo de curas -- Más sobre derivadas -- Integración -- La integral definida -- Funciones de varias variables. | |
| 526 | _aSEG44 | ||
| 526 | _aSEG26 | ||
| 526 | _aP159 | ||
| 526 | _aP155 | ||
| 526 | _aP154 | ||
| 526 | _aP153 | ||
| 526 | _aP150 | ||
| 526 | _aP100 | ||
| 526 | _aP31 | ||
| 526 | _aP30 | ||
| 526 | _aP26 | ||
| 526 | _aP25 | ||
| 526 | _aP24 | ||
| 526 | _aP22 | ||
| 526 | _aP15 | ||
| 526 | _aP10 | ||
| 541 | _g015-0013479; | ||
| 650 | 0 | 4 |
_aMatemáticas (Administración) _vProblemas, ejercicios, etc. |
| 650 | 0 | 4 |
_aMatemáticas (Economía) _vProblemas, ejercicios, etc. |
| 700 | 1 |
_aIbarra Mercado, Víctor Hugo, _eTrad. |
|
| 910 |
_agl _bjv _cng _d20111104 |
||
| 942 |
_2ddc _cBOOK |
||
| 949 |
_a515 A78 _wDEWEY _c1 _i63954 _lCCODEBUL1 _mBUL _p39.00 _r0 _sY _tBOOK _u2015-7-6 _xINGENIERIA _zUNKNOWN _o.STAFF. Colección General |
||
| 994 |
_aC0 _bPEPRU |
||
| 596 | _a1 | ||
| 999 |
_a515 A78 _wDEWEY _c52802 _i63954 _d52802 _e2017-2-6 _f2021-11-5 _g7 _lCCODEBUL1 _mBUL _n3 _p39.00 _r0 _sY _tBOOK _u2015-7-6 _xBIBLIOTECA _zUNKNOWN _0COMPRA _o.STAFF. Colección General |
||
| 980 |
_81 _gALBERTO SANCHEZ Responsable de Automatización |
||